Crónicas de interperie /
Guardado en:
| Autor Principal: | |
|---|---|
| Formato: | Libro |
| Publicado: |
Buenos Aires :
El Aleph,
2023.
|
| Materias: | |
| Etiquetas: |
Agregar Etiqueta
Sin Etiquetas, Sea el primero en etiquetar este registro!
|
| LEADER | 00650nam a22002055a 4500 | ||
|---|---|---|---|
| 001 | CEM.cems020214 | ||
| 008 | 230621s2023##################000#0#####d | ||
| 005 | 20230621123108.0 | ||
| 245 | 1 | 0 | |a Crónicas de interperie / |c Edgardo Ariel Epherra. |
| 260 | |a Buenos Aires : |b El Aleph, |c 2023. | ||
| 300 | |a 180 p. | ||
| 500 | |a Cuentos, poesías, entrevistas, aguafuertes, microficción. | ||
| 020 | |a 9789878283609 | ||
| 100 | 1 | |a Epherra, Edgardo Ariel | |
| 082 | 0 | 4 | |a A868.4 |
| 653 | |a Narrativa | ||
| 653 | |a Narrativa argentina | ||
| 653 | |a Autores bahienses | ||
| 653 | |a Narrativa bahiense | ||
| 859 | |a CEMS |b BIB. CEMS - 11 de abril |h A868.4 |i Ep34-4 |p 29483.23 |t Ej.1 | ||
